• 首页
  • 本馆介绍
  • 公告通知
  • 最新文献
  • 馆藏检索
  • 电子资源
  • 读者导购
  • 参考咨询
  • 我的图书馆
  • 登录
  • 详细信息显示
  • 放入我的书架
  • 预约/预借图书
  • 作者相关作品
  • 分类相关作品
  • 丛书相关作品
  • 出版社相关作品

书目信息

  • 表格格式
  • 工作单格式
  • 卡片格式
题名:
力量与肌肉训练图谱
    
 
作者: 韦勒 著 ;郭雨霁 , 李振华 主译
分册:  
出版信息: 济南   山东科学技术出版社  2008
页数: 139页
开本: 25cm
丛书名:
单 册:
中图分类: G883.19 , G883
科图分类:
主题词: 肌肉--健美--运动训练法--图解 , 体育
电子资源:
ISBN: 978-7-5331-4804-1
000 01249nam0 2200313 450
001 1556769023
005 20150706154713.56
010    @a978-7-5331-4804-1@dCNY39.00
090    @aG883@bwl
096    @aG883@bwl
100    @a20080102d2008 em y0chiy50 ea
101 1  @achi@ceng
102    @aCN@b370000
105    @aa z 000yy
106    @ar
200 1  @a力量与肌肉训练图谱@Ali liang yu ji rou xun lian tu pu@b专著@dAnatomy for strength and fitness training@f(英)马克·韦勒(Mark Vella)著@g李振华,郭雨霁主译@zeng
210    @a济南@c山东科学技术出版社@d2008
215    @a139页@d25cm
330    @a本书介绍了90多种针对胸部、腿和髋部、肩背部、上肢和腹部的训练方法,包括健身器训练、徒手训练和伸展训练。每一项训练都配有一幅详细的人体解剖插图和正确动作技巧的说明,展示训练的起始位置和结束姿势,并通过提示和注释提供了丰富的相关信息。
510 1  @aAnatomy for strength and fitness training@zeng
606 0  @a肌肉@x健美@x运动训练法@j图解
606 0  @a体育
690    @aG883.19@v4
690    @aG883@v4
701  0 @c(英)@a韦勒@c(Vella, Mark)@Awei le@4著
702  0 @a郭雨霁@c(女,@f1974~)@Aguo yu ji@4主译
702  0 @a李振华@c(体育)@Ali zhen hua@4主译
801  0 @aCN@b110019@c20071220
905    @aZUCC@dG883@et37
    
    力量与肌肉训练图谱=Anatomy for strength and fitness training/(英)马克·韦勒(Mark Vella)著/李振华,郭雨霁主译.-济南:山东科学技术出版社,2008
    139页;25cm
    
    
    ISBN 978-7-5331-4804-1:CNY39.00
    本书介绍了90多种针对胸部、腿和髋部、肩背部、上肢和腹部的训练方法,包括健身器训练、徒手训练和伸展训练。每一项训练都配有一幅详细的人体解剖插图和正确动作技巧的说明,展示训练的起始位置和结束姿势,并通过提示和注释提供了丰富的相关信息。
●
相关链接 在E读中查询图书 在五车中查询图书 在当当中查询图书 在豆瓣中查询图书


正题名:力量与肌肉训练图谱     索取号:G883/t37         预约/预借

序号 登录号 条形码 馆藏地/架位号 状态 备注
1 6940392   269403923   体育系资料室/ [索取号:G883/t37] 在馆    
唐山师范学院图书馆 欢迎您!
大连网信软件有限公司© 版权所有